Géneros inteligíveis en cena : o cinema e a producao de verdades sobre os corpos (Record no. 170936)
[ view plain ]
| 000 -CABECERA | |
|---|---|
| campo de control de longitud fija | 01876nab a2200301 a 4500 |
| 005 - FECHA Y HORA DE LA ÚLTIMA TRANSACCIÓN | |
| campo de control | 20210219162148.0 |
| 008 - ELEMENTOS DE LONGITUD FIJA--INFORMACIÓN GENERAL | |
| campo de control de longitud fija | 991125s1985 mx 000 0 spa u |
| 035 ## - NÚMERO DE CONTROL DEL SISTEMA | |
| Número de control de sistema | UPN01000198835 |
| 049 ## - COLECCIÓN | |
| Colección | ART-E |
| 100 1# - ASIENTO PRINCIPAL--NOMBRE PERSONAL | |
| Nombre de persona | Galvão Viana, Luciene |
| 100 1# - ASIENTO PRINCIPAL--NOMBRE PERSONAL | |
| Filiación | lucienegalvaoviana@hotmail.com |
| 100 1# - ASIENTO PRINCIPAL--NOMBRE PERSONAL | |
| Nombre de persona | Santos Carvalho, Isalena |
| 222 ## - TÍTULO CLAVE | |
| Título clave | ATHENEA DIGITAL : REVISTA DE PENSAMIENTO E INVESTIGACION SOCIAL |
| 245 ## - MENCIÓN DE TÍTULO | |
| Título | Géneros inteligíveis en cena : o cinema e a producao de verdades sobre os corpos |
| 260 ## - PUBLICACIÓN, DISTRIBUCIÓN, ETC. | |
| Lugar de publicación, distribución, etc. | España |
| 300 ## - DESCRIPCIÓN FÍSICA | |
| Extensión | 171-193 |
| 362 0# - FECHAS DE PUBLICACIÓN Y/O DESIGNACIÓN SECUENCIAL | |
| Fecha de publicación y/o designación secuencial | 2014 Vol. 14, no. 2 |
| 336 ## - TIPO DE CONTENIDO | |
| Término de tipo de contenido | texto$2rdacontent |
| 337 ## - TIPO DE MEDIO | |
| Nombre/término del tipo de medio | computadora$2rdamedia |
| 338 ## - TIPO DE SOPORTE | |
| Nombre/término del tipo de soporte | recurso en linea$2rdacarrier |
| 520 3# - NOTA DE RESUMEN, ETC. | |
| Sumario, etc. | Neste artigo, discutimos como a linguagem cinematográfica produz verdades, a partir das contribuições dos filósofos Michel Foucault, sobre sexualidade e relações de poder, e Judith Butler, sobre gêneros inteligíveis. Ao longo do texto, a discussão é ilustrada através de filmes que trazem emblemáticas noções de masculinidades e feminilidades. Dentre as verdades neles produzidas, destacamos: o culto ao amor romântico; a repetição de regras que sustentam identidades de gênero tidas como hegemônicas; a relação entre masculinidade e violência; e a não inscrição das práticas homoafetivas na concepção binária de masculino e feminino. Os enredos dos filmes nos mostram que tais verdades são constantemente negociadas e indicam ainda que as normas sobre sexo, desejo, prazer, masculinidades e feminilidades não são somente reproduzidas pois seus efeitos sobre os enredos particulares não terminam com o fim dos filmes. |
| 653 0# - TERMINO DE INDIZACION - NO CONTROLADO | |
| Término no controlado | CINE |
| 653 0# - TERMINO DE INDIZACION - NO CONTROLADO | |
| Término no controlado | RELACIONES DE PODER |
| 653 0# - TERMINO DE INDIZACION - NO CONTROLADO | |
| Término no controlado | GENERO |
| 856 4# - LOCALIZACIÓN Y ACCESO ELECTRÓNICOS | |
| Identificador Uniforme del Recurso | <a href="http://atheneadigital.net/article/view/v14-n2-galvao/pdf">http://atheneadigital.net/article/view/v14-n2-galvao/pdf</a> |
| 905 ## - TIPO DE MATERIAL | |
| Tipo de material | Articulo |
No items available.
